000 00736nam a2200289Ia 4500
005 20260324123632.0
008 008 260324s9999 xx 000 0 eng d
020 _a9780203828908
037 _aEBOOK
040 _aCRL
040 _beng
040 _cCRL
041 _2eng
041 _aeng
084 _qCRL
100 _aRichard W. Levak; Liza Siegel; Ron A. Stolberg; David S. Nichols
_91171063
245 0 _aTherapeutic Feedback with the MMPI-2
245 2 _bA Positive Psychology Approach
260 _bTaylor and Francis
260 _c2011
365 _a
365 _b240
856 _uhttp://www.taylorfrancis.com/books/9780203828908
942 _cEBOOK
999 _c1764756
_d1764756